Estudio de prefactibilidad para el establecimiento de una empresa consultora en estudios de amenaza, vulnerabilidad y monitoreo sísmico para proyectos de infraestructura en Nicaragua
Presenta un estudio de prefactibilidad el establecimiento de una empresa consultora en estudios de amenaza, vulnerabilidad y monitoreo sísmico para proyectos de infraestructura en Nicaragua, atendiendo exclusivamente a una de las amenazas naturales más representativas en cuanto a pérdidas de vida...
| Main Authors: | , |
|---|---|
| Other Authors: | |
| Format: | Tesis Section = Libro |
| Language: | Undetermined Spanish |
| Published: |
Managua
UNI
2016
|
| Subjects: |
| LEADER | 01341nam a2200265Ia 4500 | ||
|---|---|---|---|
| 008 | 240830s9999 xx 000 0 und d | ||
| 040 | |a BIBLIOTECA-RUSB/ M.Mon 693.852 C331 | ||
| 041 | |a spa | ||
| 082 | |a M.Mon 693.852 C331 | ||
| 100 | 1 | |a Carvajal Soto, Luis Alejandro | |
| 100 | 1 | |b Pérez Urbina, Jesús Antonio | |
| 245 | 1 | 0 | |a Estudio de prefactibilidad para el establecimiento de una empresa consultora en estudios de amenaza, vulnerabilidad y monitoreo sísmico para proyectos de infraestructura en Nicaragua |
| 260 | |a Managua |b UNI |c 2016 | ||
| 300 | |a 243 p. :il. | ||
| 500 | |a Contiene: anexos. | ||
| 502 | |a Tesis (Máster en Gerencia de Proyectos de Desarrollo) - UNI, 2016. | ||
| 520 | 3 | |a Presenta un estudio de prefactibilidad el establecimiento de una empresa consultora en estudios de amenaza, vulnerabilidad y monitoreo sísmico para proyectos de infraestructura en Nicaragua, atendiendo exclusivamente a una de las amenazas naturales más representativas en cuanto a pérdidas de vidas humanas y daños materiales ocurridos en el pasado: los terremotos. | |
| 650 | 7 | |a CONSTRUCCIONES ANTISISMICAS | |
| 650 | 7 | |b MONITOREO SISMICO | |
| 650 | 7 | |c EDIFICIOS -DISEÑO Y CONSTRUCCION | |
| 650 | 7 | |d ESTACIONES SISMICA | |
| 700 | 1 | |a Tutor: |b Zúñiga Morales, Gonzalo | |
| 942 | |c BK |2 ddc | ||
| 991 | |a TESIS | ||
| 999 | |c 19536 | ||